LEADER 01862nas a2200337 i 4500 001 000000168815 003 CaOOAMICUS 005 20080212000000.0 008 080129b2007 xxuuu u0 0eng r 013 $a146217 020 $a978-1-889680-58-3 040 $aSeMil$bita 245 10$aIntelligence and the Philosophy of Mind /$cEdited by Michael Baur ; papers for the regular sessions were selected by the program committee Michael Gorman, Douglas Rasmussen, James South. 260 $a[U.S.A.] :$bThe American Catholic Philosophical Association,$ccopyr. 2007. 260 $aBronx (NY) :$bFordham University,$ccopyr. 2007. 300 $a314 p. :$btabelle ;$c23 cm. 500 $aArticoli con sintesi in inglese [Abstract] in testa. - Contiene : ACPA Reports and Minutes [2005-2006]. 700 1 $aThe American Catholic Philosophical Association .$0(OLS)http://semarc/name/63354 700 1 $aRasmussen, Douglas.$0(OLS)http://semarc/name/63355 700 1 $aBaur, Michael.$0(OLS)http://semarc/name/56482 710 0 $aPhilosophy Documentation Center .$0(OLS)http://semarc/name/1622 774 0 $t[vedi periodico].$w()268029 850 $aSeMil 852 $aSeMil$W1$xVenegono$y1$m120 1 59$j119822$B119822$CSeMilBibl$Z2$F131452 $85 961 $aCambio: Scuola Cattolica 996 $6020$a978-1-889680-58-3$9(OLS)http://semarc/number/155646 996 $6245$aIntelligence and the Philosophy of Mind$9(OLS)http://semarc/title/241485 996 $6260$aBronx (NY) :$bFordham University$9(OLS)http://semarc/publisher/47264 996 $6260$a[U.S.A.] :$bThe American Catholic Philosophical Association$9(OLS)http://semarc/publisher/30384 LEADER 01005nab a2200169 i 4500 001 000000269494 003 CaOOAMICUS 005 20080805000000.0 008 080805n xx uu u0 0und r 013 $a15416 040 $aSeMil$bita 245 10$a[SENZA TITOLO]. - In preliminari :$bFrom Life to Law : This number of "The Jurist" is dedicated to the memory of James H. Provost (1939-2000), Canonist-Professor-Pastoral Practitioner-Editor. - Contiene : James H. Provost Bibliography. 500 $a2002/1. 700 1 $aProvost, James Harrison <1939-2000>.$0(OLS)http://semarc/name/27235 773 0 $t2002.$dWashington D.C. : The Catholic University of America, 2002.$w()173907 774 0 $tJames H. Provost Bibliography.$w()306079 996 $6245$a[SENZA TITOLO]. - In preliminari :$bFrom Life to Law : This number of "The Jurist" is dedicated to the memory of James H. Provost (1939-2000), Canonist-Professor-Pastoral Practitioner-Editor. - Contiene : James H. Provost Bibliography.$9(OLS)http://semarc/title/359121